Véronique (Registro nro. 172021)
[ vista simple ]
| 000 -LEADER | |
|---|---|
| campo de control de longitud fija | 00787nam a2200205 i 4500 |
| 001 - NÚMERO DE CONTROL | |
| campo de control | 172021 |
| 003 - IDENTIFICADOR DE NÚMERO DE CONTROL | |
| campo de control | ES-MaACL |
| 005 - FECHA Y HORA DE LA ÚLTIMA TRANSACCIÓN | |
| campo de control | 20230906214808.0 |
| 008 - DATOS DE LONGITUD FIJA--INFORMACIÓN GENERAL | |
| campo de control de longitud fija | 090610q1960 fr |||| | fre d |
| 080 ## - NÚMERO DE LA CLASIFICACIÓN DECIMAL UNIVERSAL | |
| Número de la Clasificación Decimal Universal | 782.1 |
| 100 1# - ENTRADA PRINCIPAL--NOMBRE DE PERSONA | |
| Nombre de persona | Vanloo, Albert. |
| 9 (RLIN) | 137968 |
| 245 10 - MENCIÓN DEL TÍTULO | |
| Título | Véronique |
| Resto del título | : opéra-comique en trois actes / |
| Mención de responsabilidad, etc. | paroles de Albert Vanloo & Georges Duval ; musique de André Messager. |
| 260 ## - PUBLICACIÓN, DISTRIBUCIÓN, ETC. | |
| Lugar de publicación, distribución, etc. | Paris : |
| Nombre del editor, distribuidor, etc. | Librairie Théâtrale, |
| Fecha de publicación, distribución, etc. | [ca. 1960] ( |
| Fabricante | Rolland Père et Fils) |
| 300 ## - DESCRIPCIÓN FÍSICA | |
| Extensión | 132 p. ; |
| Dimensiones | 18 cm. |
| 595 ## - | |
| -- | Reprod. de la ed. de: Paris : Librairie Théâtrale, 1903. |
| 650 #4 - PUNTO DE ACCESO ADICIONAL DE MATERIA--TÉRMINO DE MATERIA | |
| Término de materia o nombre geográfico como elemento de entrada | Óperas- |
| Subdivisión de forma | Libretos. |
| 9 (RLIN) | 137584 |
| 700 1# - ENTRADA AGREGADA--NOMBRE PERSONAL | |
| Nombre de persona | Duval, Georges ( |
| Fechas asociadas al nombre | 1772-1853) |
| 9 (RLIN) | 46374 |
| 700 1# - ENTRADA AGREGADA--NOMBRE PERSONAL | |
| Nombre de persona | Messager, André. |
| 9 (RLIN) | 137967 |
| 852 4# - LOCALIZACIÓN | |
| Ubicación | ES-MaACL |
| Número de control de estantería | E-12696 |
| Nota libre | - Biblioteca Jacinto Martínez Lacalle |
| Estatus retirado | Estado de pérdida | Estado de daño | No para préstamo | Biblioteca de origen | Biblioteca actual | Ubicación en estantería | Fecha de adquisición | Fuente de adquisición | Total de préstamos | Signatura topográfica completa | Código de barras | Visto por última vez | Precio de reemplazo | Tipo de ítem Koha |
|---|---|---|---|---|---|---|---|---|---|---|---|---|---|---|
| Biblioteca del Ateneo de Madrid | Biblioteca del Ateneo de Madrid | Depósito 2 | 10/06/2009 | E-12696 | 1180526 | 23/02/2023 | 23/02/2023 | Libro impreso |
